Podpora priamych zahraničných investícií v Slovenskej republike – analýza investičnej pomoci

Prílev PZI do rôznych sektorov hospodárstva SR, pričom možno identifikovať viacero faktorov, ktoré k tomuto trendu pozitívne prispeli. PZI a priama podpora zahraničným investorom zo strany štátu. Schéma investičnej pomoci v Slovenskej republike – ciele, právny rámec, formy, podmienky udelenia a tren...

Ausführliche Beschreibung

Gespeichert in:
Bibliographische Detailangaben
1. Verfasser: Balejová, Martina, 1990-
Format: Buchkapitel
Sprache:Slowakisch
Schlagworte:
Tags: Tag hinzufügen
Keine Tags, Fügen Sie das erste Tag hinzu!

MARC

LEADER 00000nla a2200000 4500
001 0213335
005 20240502073544.2
041 0 |a slo 
044 |a SK 
245 1 0 |a Podpora priamych zahraničných investícií v Slovenskej republike – analýza investičnej pomoci  |c Martina Balejová 
520 |a Prílev PZI do rôznych sektorov hospodárstva SR, pričom možno identifikovať viacero faktorov, ktoré k tomuto trendu pozitívne prispeli. PZI a priama podpora zahraničným investorom zo strany štátu. Schéma investičnej pomoci v Slovenskej republike – ciele, právny rámec, formy, podmienky udelenia a trendy v súvislosti s jej poskytovaním v rokoch 2002 až 2015. 
610 2 0 |a Slovensko 
610 2 0 |a investície priame zahraničné 
610 2 0 |a kapitál zahraničný 
610 2 0 |a pohyb kapitálu 
610 2 0 |a korporácie transnacionálne 
610 2 0 |a investori 
610 2 0 |a kapitál 
100 1 |a Balejová, Martina, 1990-